Statistics for Rivers of Scottish league football teams

Click here to take the quiz!

General Stats

  • This quiz has been taken 24 times
  • The average score is 9 of 20

Answer Stats

RiverTeam% Correct
DonAberdeen
94%
NessInverness Caledonian Thistle
94%
Tay (furthest downstream)Dundee United
83%
AlmondLivingston
67%
Tay (nearest the source)St. Johnstone
67%
CarronFalkirk
56%
TweedBerwick Rangers
50%
LossieElgin City
50%
IrvineKilmarnock
44%
NithQueen of the South
39%
Forth (nearest the source)Stirling Albion
39%
South EskMontrose
33%
UgiePeterhead
33%
White CartSt. Mirren
33%
South Esk (nearest the source)Brechin City
28%
LevenDumbarton
28%
South CalderMotherwell
28%
Carron (nearest the source)Stenhousemuir
28%
North CalderAirdrie
17%
Black DevonAlloa Athletic
17%

Score Distribution

Percentile by Number Answered

Percent of People with Each Score

Your Score History

You have not taken this quiz